[Event "Cagliari Coppa 31st"]
[Site "Cagliari"]
[Date "2006.04.01"]
[Round "5"]
[White "Collu, Giuseppe"]
[Black "Pes, Francesco"]
[Result "1/2-1/2"]
[WhiteElo "1832"]
[BlackElo "1802"]
[PlyCount "90"]
[EventDate "2006.03.25"]
[EventType "swiss"]
[EventRounds "7"]
[EventCountry "ITA"]
[SourceTitle "EXT 2024"]
[Source "ChessBase"]
[SourceDate "2023.10.10"]
[SourceVersion "1"]
[SourceVersionDate "2023.10.10"]
[SourceQuality "1"]

1. e4 e6 2. d4 d5 3. Nc3 Bb4 4. e5 c5 5. a3 Bxc3+ 6. bxc3 Ne7 7. Bd3 Nbc6 8. Nf3 0-0 9. 0-0 Ng6 10. h4 h6 11. g3 c4 12. Be2 f5 13. exf6 Qxf6 14. h5 Nge7 15. Bf4 Bd7 16. Ne5 Nxe5 17. Bxe5 Qg5 18. Qc1 Qxc1 19. Raxc1 Nc6 20. Bd6 Rf6 21. f4 Rd8 22. Bg4 Bc8 23. Bc7 Rdf8 24. Be5 Nxe5 25. dxe5 R6f7 26. Rb1 Rc7 27. Bh3 Rc5 28. Kf2 Ra5 29. Ra1 Rb5 30. Rfb1 Rxb1 31. Rxb1 b6 32. Ke3 Kf7 33. g4 Ke7 34. g5 hxg5 35. fxg5 Bd7 36. Rf1 Rxf1 37. Bxf1 Be8 38. Be2 Ba4 39. Bd1 Be8 40. g6 Kf8 41. Kf4 Kg8 42. Kg5 Kh8 43. Bg4 Bd7 44. h6 Kg8 45. Bh3 Bc8 1/2-1/2

[Event "Cagliari Coppa 31st"]
[Site "Cagliari"]
[Date "2006.03.25"]
[Round "1"]
[White "Clementini, Lorenzo"]
[Black "Collu, Giuseppe"]
[Result "1-0"]
[WhiteElo "2126"]
[BlackElo "1832"]
[PlyCount "79"]
[EventDate "2006.03.25"]
[EventType "swiss"]
[EventRounds "7"]
[EventCountry "ITA"]
[SourceTitle "EXT 2024"]
[Source "ChessBase"]
[SourceDate "2023.10.10"]
[SourceVersion "1"]
[SourceVersionDate "2023.10.10"]
[SourceQuality "1"]

1. d4 Nf6 2. c4 g6 3. Nc3 d5 4. Bf4 c6 5. e3 Bg7 6. cxd5 Nxd5 7. Nxd5 Qxd5 8. Nf3 0-0 9. Be2 Bg4 10. 0-0 Nd7 11. h3 Bxf3 12. Bxf3 Qa5 13. b4 Qb6 14. Rb1 e5 15. dxe5 Nxe5 16. Be2 Rad8 17. Qc2 Qc7 18. Rfc1 Qe7 19. b5 cxb5 20. Rxb5 a6 21. Rc5 Rd7 22. Rc7 Rfd8 23. Rxd7 Qxd7 24. Qc7 Nc6 25. Qxd7 Rxd7 26. Bxa6 Kf8 27. Bxb7 Rxb7 28. Rxc6 Rb1+ 29. Kh2 Rb2 30. a4 Rxf2 31. a5 g5 32. Bd6+ Ke8 33. Rc7 Rf6 34. Be5 Ra6 35. Bxg7 Rxa5 36. Bf6 Rf5 37. Bd4 h5 38. Rc5 Rxc5 39. Bxc5 f5 40. h4 1-0

[Event "Corrado Bitti Memorial 5th"]
[Site "Laconi"]
[Date "2005.08.10"]
[Round "8"]
[White "Collu, Giuseppe"]
[Black "Maldarelli, Lorenzo"]
[Result "1-0"]
[WhiteElo "1814"]
[BlackElo "1837"]
[PlyCount "123"]
[EventDate "2005.08.06"]
[EventType "swiss"]
[EventRounds "9"]
[EventCountry "ITA"]
[SourceTitle "EXT 2007"]
[Source "ChessBase"]
[SourceDate "2006.11.23"]
[SourceVersion "1"]
[SourceVersionDate "2006.11.23"]
[SourceQuality "1"]

1. e4 c5 2. Nf3 d6 3. d4 cxd4 4. Nxd4 Nf6 5. Bd3 a6 6. 0-0 e5 7. Nb3 Be6 8. c4 Nbd7 9. Nc3 Rc8 10. Nd5 Bxd5 11. exd5 Nc5 12. Nxc5 Rxc5 13. b4 Rc7 14. Be3 Nd7 15. a4 g6 16. a5 f5 17. f3 Bg7 18. Rb1 Rc8 19. Qd2 0-0 20. Bh6 f4 21. Bxg7 Kxg7 22. Rfc1 h5 23. Rc2 h4 24. h3 Nf6 25. Rbc1 Qe7 26. Rc3 e4 27. Bxe4 Nxe4 28. fxe4 Qxe4 29. Re1 Qf5 30. Re7+ Rf7 31. Qd4+ Kh7 32. Rxf7+ Qxf7 33. c5 Re8 34. cxd6 Rd8 35. Rc7 Rd7 36. Rxd7 Qxd7 37. Qxf4 Kg7 38. Qxh4 Qxd6 39. Qd4+ Kf7 40. Qg4 Qxd5 41. Qf3+ Ke6 42. Qxd5+ Kxd5 43. h4 Kc4 44. g4 Kxb4 45. h5 gxh5 46. gxh5 Kxa5 47. h6 Ka4 48. h7 b5 49. h8Q b4 50. Qe8+ Ka3 51. Qa8 b3 52. Qxa6+ Kb2 53. Kf2 Kc3 54. Qc6+ Kd2 55. Qd5+ Kc3 56. Qc5+ Kd2 57. Qd5+ Kc2 58. Qc4+ Kb2 59. Ke2 Ka3 60. Qa6+ Kb2 61. Kd2 Kb1 62. Kc3 1-0

[Event "Corrado Bitti Memorial 5th"]
[Site "Laconi"]
[Date "2005.08.09"]
[Round "6"]
[White "Dessy, Eugenio"]
[Black "Collu, Giuseppe"]
[Result "0-1"]
[WhiteElo "1530"]
[BlackElo "1814"]
[PlyCount "64"]
[EventDate "2005.08.06"]
[EventType "swiss"]
[EventRounds "9"]
[EventCountry "ITA"]
[SourceTitle "EXT 2007"]
[Source "ChessBase"]
[SourceDate "2006.11.23"]
[SourceVersion "1"]
[SourceVersionDate "2006.11.23"]
[SourceQuality "1"]

1. e4 e5 2. Nf3 Nc6 3. Bb5 a6 4. Ba4 Nf6 5. 0-0 Be7 6. Re1 b5 7. Bb3 d6 8. c3 0-0 9. d4 Bg4 10. h3 Bxf3 11. Qxf3 exd4 12. Bg5 Ne5 13. Qd1 dxc3 14. Nxc3 c5 15. Bc2 Nfd7 16. Bxe7 Qxe7 17. Nd5 Qd8 18. f4 Nc6 19. a3 Nd4 20. Bb1 Nf6 21. Qd3 Nxd5 22. exd5 f5 23. b4 Qf6 24. Ba2 c4 25. Qd1 Rae8 26. Rc1 Re4 27. Qd2 Rd8 28. Rxe4 fxe4 29. Rd1 c3 30. Qe1 Qxf4 31. g3 Qe5 32. Qxc3 Ne2+ 0-1

[Event "Corrado Bitti Memorial 5th"]
[Site "Laconi"]
[Date "2005.08.08"]
[Round "4"]
[White "Locci, Damiano"]
[Black "Collu, Giuseppe"]
[Result "1-0"]
[WhiteElo "1901"]
[BlackElo "1814"]
[PlyCount "79"]
[EventDate "2005.08.06"]
[EventType "swiss"]
[EventRounds "9"]
[EventCountry "ITA"]
[SourceTitle "EXT 2007"]
[Source "ChessBase"]
[SourceDate "2006.11.23"]
[SourceVersion "1"]
[SourceVersionDate "2006.11.23"]
[SourceQuality "1"]

1. e4 e5 2. Nf3 Nc6 3. d4 exd4 4. Bc4 Bb4+ 5. c3 dxc3 6. bxc3 Bc5 7. Bxf7+ Kxf7 8. Qd5+ Kf8 9. Qxc5+ d6 10. Qc4 Qe7 11. Bg5 Qf7 12. Qd3 Bg4 13. Nbd2 Bxf3 14. Nxf3 Nf6 15. 0-0 h6 16. Be3 Ng4 17. Bd4 Nce5 18. Bxe5 Nxe5 19. Nxe5 dxe5 20. Qb5 c6 21. Qxe5 Qe7 22. Qxe7+ Kxe7 23. Rab1 b6 24. Rfd1 Rhd8 25. f3 Rxd1+ 26. Rxd1 Rd8 27. Rxd8 Kxd8 28. Kf2 Kd7 29. Ke3 Kd6 30. f4 c5 31. e5+ Kc6 32. Ke4 b5 33. f5 a5 34. f6 gxf6 35. exf6 Kd6 36. f7 Ke7 37. Kd5 b4 38. cxb4 cxb4 39. Kc4 Kxf7 40. Kb5 1-0

[Event "Corrado Bitti Memorial 5th"]
[Site "Laconi"]
[Date "2005.08.06"]
[Round "1"]
[White "Caredda, Giuseppe"]
[Black "Collu, Giuseppe"]
[Result "0-1"]
[WhiteElo "1409"]
[BlackElo "1814"]
[PlyCount "48"]
[EventDate "2005.08.06"]
[EventType "swiss"]
[EventRounds "9"]
[EventCountry "ITA"]
[SourceTitle "EXT 2007"]
[Source "ChessBase"]
[SourceDate "2006.11.23"]
[SourceVersion "1"]
[SourceVersionDate "2006.11.23"]
[SourceQuality "1"]

1. e4 e5 2. Nf3 Nc6 3. Bb5 a6 4. Ba4 Nf6 5. 0-0 Be7 6. Re1 b5 7. Bb3 d6 8. c3 0-0 9. d4 Re8 10. Ng5 d5 11. dxe5 Nxe5 12. exd5 Nfg4 13. Nf3 Nxf3+ 14. Qxf3 Nxh2 15. Qe4 Bd7 16. Bc2 f5 17. Qd3 Ng4 18. Bd2 Bc5 19. Rxe8+ Qxe8 20. Kf1 Bxf2 21. Na3 Bc5 22. g3 Qh5 23. Ke1 Re8+ 24. Kf1 Qh1# 0-1

[Event "Cagliari Bitti Memorial-B 1st"]
[Site "Cagliari"]
[Date "2001.04.01"]
[Round "6"]
[White "Collu, Giuseppe"]
[Black "Perra, Marco"]
[Result "1-0"]
[WhiteElo "1503"]
[BlackElo "1500"]
[PlyCount "49"]
[EventDate "2001.03.17"]
[EventType "swiss"]
[EventRounds "7"]
[EventCountry "ITA"]
[SourceTitle "EXT 2023"]
[Source "ChessBase"]
[SourceDate "2022.10.05"]
[SourceVersion "1"]
[SourceVersionDate "2022.10.05"]
[SourceQuality "1"]

1. e4 e5 2. Nf3 Nc6 3. Bc4 h6 4. c3 Nf6 5. 0-0 Nxe4 6. Re1 d5 7. Bb5 Bg4 8. d3 Nf6 9. Rxe5+ Be7 10. Nbd2 0-0 11. Bxc6 bxc6 12. b3 Nh5 13. h3 f6 14. hxg4 fxe5 15. gxh5 Bf6 16. Ba3 Rf7 17. Bc5 e4 18. Nd4 Qe8 19. dxe4 dxe4 20. Nf1 Bh4 21. g3 Bf6 22. Ne3 Be5 23. Nef5 Rd8 24. Qg4 Rxf5 25. Nxf5 1-0

[Event "Cagliari Bitti Memorial-B 1st"]
[Site "Cagliari"]
[Date "2001.03.31"]
[Round "4"]
[White "Collu, Giuseppe"]
[Black "Ponti, Mario"]
[Result "0-1"]
[WhiteElo "1503"]
[BlackElo "1582"]
[PlyCount "52"]
[EventDate "2001.03.17"]
[EventType "swiss"]
[EventRounds "7"]
[EventCountry "ITA"]
[SourceTitle "EXT 2023"]
[Source "ChessBase"]
[SourceDate "2022.10.05"]
[SourceVersion "1"]
[SourceVersionDate "2022.10.05"]
[SourceQuality "1"]

1. e4 e5 2. Nf3 Nc6 3. Bc4 Bc5 4. c3 Qf6 5. 0-0 h6 6. Nxe5 Nxe5 7. d4 Nxc4 8. e5 Qe7 9. dxc5 Qxc5 10. Nd2 Nxd2 11. Bxd2 Ne7 12. Re1 0-0 13. Be3 Qc6 14. Qc2 Ng6 15. f4 Re8 16. Qf2 b6 17. Re2 Re7 18. Rae1 Bb7 19. Qg3 Rae8 20. Bd4 Qe6 21. b4 Qf5 22. Rf2 h5 23. h4 Re6 24. c4 Nf8 25. Qc3 Rg6 26. g3 Qh3 0-1

[Event "Cagliari Province-ch"]
[Site "Sinnai"]
[Date "2001.01.28"]
[Round "7"]
[White "Collu, Giuseppe"]
[Black "Lobina, Giulio"]
[Result "0-1"]
[WhiteElo "1503"]
[BlackElo "1470"]
[PlyCount "118"]
[EventDate "2001.01.20"]
[EventType "swiss"]
[EventRounds "7"]
[EventCountry "ITA"]
[SourceTitle "EXT 2023"]
[Source "ChessBase"]
[SourceDate "2022.10.05"]
[SourceVersion "1"]
[SourceVersionDate "2022.10.05"]
[SourceQuality "1"]

1. e4 e5 2. Nf3 Nc6 3. d4 exd4 4. Nxd4 Nxd4 5. Qxd4 Qe7 6. Bc4 c5 7. Qd3 Qe5 8. 0-0 Bd6 9. f4 Qd4+ 10. Qxd4 cxd4 11. e5 Bc5 12. Bd3 f6 13. b3 b6 14. Ba3 Bb7 15. Bxc5 bxc5 16. Na3 0-0-0 17. Nc4 Kb8 18. Nd6 Nh6 19. Nxb7 Kxb7 20. exf6 g6 21. b4 d6 22. bxc5 dxc5 23. Rab1+ Kc7 24. Rb5 Kd6 25. Bc4 Ng4 26. Re1 Ne3 27. Be2 Rhf8 28. Rb7 Rd7 29. Rxd7+ Kxd7 30. Rc1 Rxf6 31. g3 Rb6 32. c4 Rb2 33. Kf2 Ng4+ 34. Ke1 h5 35. h3 Ne3 36. Bd3 Rg2 37. Bxg6 Rxg3 38. Bxh5 Rxh3 39. Bg6 Rf3 40. f5 Kc7 41. Ke2 Rg3 42. a4 Rg5 43. Kd3 Nxf5 44. Bxf5 Rxf5 45. Ke4 Rf2 46. Kd5 Rf5+ 47. Ke4 Rh5 48. Rf1 Kb6 49. Rb1+ Ka5 50. Kd3 Rh3+ 51. Ke4 a6 52. Kd5 Rh5+ 53. Kc6 Kxa4 54. Kb6 Ka3 55. Kxa6 Rh3 56. Rb5 Rh5 57. Kb6 Ka2 58. Ra5+ Kb3 59. Kb5 d3 0-1

[Event "Cagliari Province-ch"]
[Site "Sinnai"]
[Date "2001.01.21"]
[Round "3"]
[White "Ponti, Mario"]
[Black "Collu, Giuseppe"]
[Result "0-1"]
[WhiteElo "1582"]
[BlackElo "1503"]
[PlyCount "88"]
[EventDate "2001.01.20"]
[EventType "swiss"]
[EventRounds "7"]
[EventCountry "ITA"]
[SourceTitle "EXT 2023"]
[Source "ChessBase"]
[SourceDate "2022.10.05"]
[SourceVersion "1"]
[SourceVersionDate "2022.10.05"]
[SourceQuality "1"]

1. d4 Nf6 2. c4 g6 3. Nc3 Bg7 4. Nf3 0-0 5. e4 d6 6. Be2 Ng4 7. 0-0 e5 8. d5 f5 9. h3 Nf6 10. exf5 Bxf5 11. Nh2 Na6 12. a3 Nc5 13. b4 Na6 14. Ra2 c5 15. dxc6 bxc6 16. c5 Nc7 17. cxd6 Ncd5 18. Qb3 Qxd6 19. Rd1 h6 20. Bc4 Kh7 21. b5 Qc7 22. Nxd5 cxd5 23. Be2 d4 24. Rad2 Ne4 25. Rc2 Qe7 26. Bd3 Nc3 27. Rdd2 e4 28. Bxe4 Bxe4 29. Rb2 Qb7 30. f3 Bf5 31. Rf2 d3 32. a4 Ne2+ 33. Rfxe2 dxe2 34. Rxe2 Rfe8 35. Be3 Rac8 36. Nf1 Be6 37. Qb4 Bc4 38. Re1 Bxf1 39. Kxf1 Bc3 40. Qh4 Bxe1 41. Qxh6+ Kg8 42. Kxe1 Qb6 43. Ke2 Rc3 44. Kf2 Qxe3+ 0-1